| 000 | 008150000a22002290004500 | ||
|---|---|---|---|
| 003 | dpl | ||
| 005 | 20081029153644.0 | ||
| 008 | 081029t xxu||||| |||| 00| 0 eng d | ||
| 010 | _aENG-84622 | ||
| 020 |
_a817629764X _c550.00 (hb) |
||
| 035 | _aEN-68155 | ||
| 040 | _cdpl | ||
| 082 | _a921 | ||
| 100 | _aMohanty, Jagananth | ||
| 245 |
_aIn quest of quality education and literature: _ban autobiography / _cby Jagannath Mohanty with Sudhansu Mohanty |
||
| 260 |
_aNew Delhi _bDeep and Deep Publications _c2006 |
||
| 300 |
_a226p _c22cm |
||
| 500 | _aIncludes bibliographical references and index | ||
| 700 |
_aMohanty, Sudhansu _cjt auth |
||
| 942 |
_2ddc _cEN _h921 _mMOH |
||
| 999 |
_c17926 _d17926 |
||